The poetical works of Henry Wadsworth Longfellow: Evangeline, the song of Hiawatha and the courtship of miles standish
Salvato in:
| Natura: | Libro |
|---|---|
| Lingua: | Undetermined |
| Pubblicazione: |
Boston, Estados Unidos
The Riverside Press, Cambridge
1886
|
| Soggetti: | |
| Tags: |
Aggiungi Tag
Nessun Tag, puoi essere il primo ad aggiungerne!!
|
MARC
| LEADER | 00000nam a2200000Ia 4500 | ||
|---|---|---|---|
| 008 | 170316s9999 xx 000 0 und d | ||
| 245 | 4 | |a The poetical works of Henry Wadsworth Longfellow: Evangeline, the song of Hiawatha and the courtship of miles standish | |
| 260 | |a Boston, Estados Unidos | ||
| 260 | |b The Riverside Press, Cambridge | ||
| 260 | |c 1886 | ||
| 300 | |a 366 páginas Vol. II | ||
| 650 | |a REFERENCIA | ||
| 650 | |a ENCICLOPEDIA DE LOS TRABAJOS POÉTICOS DE HENRY WADWORTH | ||
| 999 | |c 30258 |d 30258 | ||
| 040 | |a cru BVZT | ||
| 942 | |c 15 D |2 z | ||
